|
|
|
|
| LEADER |
00000nab#a22000007a#4500 |
| 001 |
arbauad033622 |
| 003 |
AR-BaUAD |
| 005 |
20250711112706.0 |
| 008 |
981019|||||||||###||||||b###|0###a|spa|| |
| 040 |
|
|
|a AR-BaUAD
|c AR-BaUAD
|b spa
|
| 245 |
1 |
0 |
|a International view points 1997
|
| 300 |
0 |
|
|b fot.
|
| 500 |
|
|
|a Los responsables de las empresas más importantes del mundo en el area de la animación, sintetizan las estrategias y adelantos de dichas corporaciones.
|
| 653 |
|
|
|a ANIMACION
|
| 653 |
|
|
|a ANIMACION DIGITAL
|
| 653 |
|
|
|a EJERCICIO PROFESIONAL
|
| 653 |
|
|
|a DIRECTORES DE ANIMACION
|
| 653 |
|
|
|a ESTADOS UNIDOS
|
| 653 |
|
|
|a CANADA
|
| 653 |
|
|
|a ESPAÑA
|
| 653 |
|
|
|a FRANCIA
|
| 653 |
|
|
|a AUSTRALIA
|
| 653 |
|
|
|a ALEMANIA
|
| 653 |
|
|
|a REINO UNIDO
|
| 653 |
|
|
|a INGLATERRA
|
| 653 |
|
|
|a COREA
|
| 653 |
|
|
|a TAIWAN
|
| 653 |
|
|
|a ESTUDIOS PROFESIONALES
|
| 653 |
|
|
|a LOCOMOTION
|
| 653 |
|
|
|a PARAGON ENTERTAIMENT CORP.
|
| 653 |
|
|
|a BRB INTERNATIONAL S.A.
|
| 653 |
|
|
|a MARATHON PRODUCTIONS
|
| 653 |
|
|
|a PIXIBOX STUDIOS
|
| 653 |
|
|
|a DECODE
|
| 653 |
|
|
|a FUNBAG ANIMATION STUDIOS
|
| 653 |
|
|
|a PHOENIX ANIMATION
|
| 653 |
|
|
|a NELAVANA LIMITED
|
| 653 |
|
|
|a INTEL
|
| 653 |
|
|
|a KIDS+
|
| 653 |
|
|
|a CANAL PLUS
|
| 653 |
|
|
|a STUDIO B
|
| 653 |
|
|
|a TELETOON
|
| 653 |
|
|
|a PPM MULTIMEDIA
|
| 653 |
|
|
|a AKOM
|
| 653 |
|
|
|a GALAXY WORLD
|
| 653 |
|
|
|a EVA ENTERTAIMENT
|
| 653 |
|
|
|a ENEGREE ENTERTAIMENT
|
| 773 |
0 |
|
|t ANIMATION MAGAZINE
|g no. 64 [feb. 1998], p. 14-28
|
| 942 |
|
|
|c ARTI
|
| 952 |
|
|
|0 0
|1 0
|4 0
|7 0
|9 78541
|a AR-BAuAD
|b AR-BAuAD
|d 2025-07-11
|l 0
|p AAQA033622
|r 2025-07-11 11:27:06
|w 2025-07-11
|y ARTI
|
| 990 |
|
|
|a DG199
|b TD
|
| 990 |
|
|
|a C199
|b TD
|
| 998 |
|
|
|a AAQ
|b BIBUN76
|
| 999 |
|
|
|c 58214
|d 58214
|